<?xml version="1.0" encoding="UTF-8"?>
<record
    xmlns:xsi="http://www.w3.org/2001/XMLSchema-instance"
    xsi:schemaLocation="http://www.loc.gov/MARC21/slim http://www.loc.gov/standards/marcxml/schema/MARC21slim.xsd"
    xmlns="http://www.loc.gov/MARC21/slim">

  <leader>00611nam a22001937a 4500</leader>
  <datafield tag="999" ind1=" " ind2=" ">
    <subfield code="c">64189</subfield>
    <subfield code="d">64189</subfield>
  </datafield>
  <controlfield tag="005">20260430113221.0</controlfield>
  <controlfield tag="008">260430s1987    enk||||| |||| 00| 0 eng d</controlfield>
  <datafield tag="020" ind1=" " ind2=" ">
    <subfield code="a"> 0894642464x</subfield>
  </datafield>
  <datafield tag="080" ind1=" " ind2=" ">
    <subfield code="a">005.32 S-30</subfield>
  </datafield>
  <datafield tag="100" ind1=" " ind2=" ">
    <subfield code="a">Scanlan, Burt K.</subfield>
    <subfield code="9">27396</subfield>
  </datafield>
  <datafield tag="245" ind1=" " ind2=" ">
    <subfield code="a">Management and Organizational Behavior /</subfield>
    <subfield code="c">Burt K. Scanlan,  Bernard Keys.</subfield>
  </datafield>
  <datafield tag="250" ind1=" " ind2=" ">
    <subfield code="a">Second Edition</subfield>
  </datafield>
  <datafield tag="264" ind1=" " ind2=" ">
    <subfield code="a">Florida,</subfield>
    <subfield code="c">1987.</subfield>
  </datafield>
  <datafield tag="300" ind1=" " ind2=" ">
    <subfield code="a">667  p.;</subfield>
    <subfield code="b">25 cm.</subfield>
  </datafield>
  <datafield tag="653" ind1=" " ind2=" ">
    <subfield code="a">&#x10DB;&#x10D4;&#x10DC;&#x10D4;&#x10EF;&#x10DB;&#x10D4;&#x10DC;&#x10E2;&#x10D8;</subfield>
  </datafield>
  <datafield tag="653" ind1=" " ind2=" ">
    <subfield code="a">&#x10DD;&#x10E0;&#x10D2;&#x10D0;&#x10DC;&#x10D8;&#x10D6;&#x10D0;&#x10EA;&#x10D8;&#x10D0;</subfield>
  </datafield>
  <datafield tag="700" ind1=" " ind2=" ">
    <subfield code="a">Keys, Bernard</subfield>
    <subfield code="e">&#x10D0;&#x10D5;&#x10E2;&#x10DD;&#x10E0;&#x10D8;</subfield>
    <subfield code="9">27397</subfield>
  </datafield>
  <datafield tag="942" ind1=" " ind2=" ">
    <subfield code="2">udc</subfield>
    <subfield code="c">&#x1CAC;&#x1C98;&#x1C92;&#x1C9C;&#x1C98;</subfield>
  </datafield>
  <datafield tag="952" ind1=" " ind2=" ">
    <subfield code="0">0</subfield>
    <subfield code="1">0</subfield>
    <subfield code="2">udc</subfield>
    <subfield code="4">0</subfield>
    <subfield code="6">00532_S30</subfield>
    <subfield code="7">0</subfield>
    <subfield code="9">106132</subfield>
    <subfield code="a">CPL</subfield>
    <subfield code="b">CPL</subfield>
    <subfield code="c">GEN</subfield>
    <subfield code="d">2026-04-30</subfield>
    <subfield code="g">70.00</subfield>
    <subfield code="o">005.32 S-30</subfield>
    <subfield code="p">74425</subfield>
    <subfield code="r">2026-04-30</subfield>
    <subfield code="t">74425</subfield>
    <subfield code="w">2026-04-30</subfield>
    <subfield code="y">&#x1CAC;&#x1C98;&#x1C92;&#x1C9C;&#x1C98;</subfield>
    <subfield code="z">70 &#x10DA;.</subfield>
  </datafield>
  <datafield tag="952" ind1=" " ind2=" ">
    <subfield code="0">0</subfield>
    <subfield code="1">0</subfield>
    <subfield code="2">udc</subfield>
    <subfield code="4">0</subfield>
    <subfield code="6">00532_S30</subfield>
    <subfield code="7">0</subfield>
    <subfield code="9">106133</subfield>
    <subfield code="a">CPL</subfield>
    <subfield code="b">CPL</subfield>
    <subfield code="c">GEN</subfield>
    <subfield code="d">2026-04-30</subfield>
    <subfield code="g">70.00</subfield>
    <subfield code="o">005.32 S-30</subfield>
    <subfield code="p">74426</subfield>
    <subfield code="r">2026-04-30</subfield>
    <subfield code="t">74426</subfield>
    <subfield code="w">2026-04-30</subfield>
    <subfield code="y">&#x1CAC;&#x1C98;&#x1C92;&#x1C9C;&#x1C98;</subfield>
    <subfield code="z">70 &#x10DA;.</subfield>
  </datafield>
  <datafield tag="952" ind1=" " ind2=" ">
    <subfield code="0">0</subfield>
    <subfield code="1">0</subfield>
    <subfield code="2">udc</subfield>
    <subfield code="4">0</subfield>
    <subfield code="6">00532_S30</subfield>
    <subfield code="7">0</subfield>
    <subfield code="9">106134</subfield>
    <subfield code="a">CPL</subfield>
    <subfield code="b">CPL</subfield>
    <subfield code="c">GEN</subfield>
    <subfield code="d">2026-04-30</subfield>
    <subfield code="g">70.00</subfield>
    <subfield code="o">005.32 S-30</subfield>
    <subfield code="p">74427</subfield>
    <subfield code="r">2026-04-30</subfield>
    <subfield code="t">74427</subfield>
    <subfield code="w">2026-04-30</subfield>
    <subfield code="y">&#x1CAC;&#x1C98;&#x1C92;&#x1C9C;&#x1C98;</subfield>
    <subfield code="z">70 &#x10DA;.</subfield>
  </datafield>
  <datafield tag="952" ind1=" " ind2=" ">
    <subfield code="0">0</subfield>
    <subfield code="1">0</subfield>
    <subfield code="2">udc</subfield>
    <subfield code="4">0</subfield>
    <subfield code="6">00532_S30</subfield>
    <subfield code="7">0</subfield>
    <subfield code="9">106135</subfield>
    <subfield code="a">CPL</subfield>
    <subfield code="b">CPL</subfield>
    <subfield code="c">GEN</subfield>
    <subfield code="d">2026-04-30</subfield>
    <subfield code="g">70.00</subfield>
    <subfield code="o">005.32 S-30</subfield>
    <subfield code="p">74428</subfield>
    <subfield code="r">2026-04-30</subfield>
    <subfield code="t">74428</subfield>
    <subfield code="w">2026-04-30</subfield>
    <subfield code="y">&#x1CAC;&#x1C98;&#x1C92;&#x1C9C;&#x1C98;</subfield>
    <subfield code="z">70 &#x10DA;.</subfield>
  </datafield>
  <datafield tag="952" ind1=" " ind2=" ">
    <subfield code="0">0</subfield>
    <subfield code="1">0</subfield>
    <subfield code="2">udc</subfield>
    <subfield code="4">0</subfield>
    <subfield code="6">00532_S30</subfield>
    <subfield code="7">0</subfield>
    <subfield code="9">106136</subfield>
    <subfield code="a">CPL</subfield>
    <subfield code="b">CPL</subfield>
    <subfield code="c">GEN</subfield>
    <subfield code="d">2026-04-30</subfield>
    <subfield code="g">70.00</subfield>
    <subfield code="o">005.32 S-30</subfield>
    <subfield code="p">74429</subfield>
    <subfield code="r">2026-04-30</subfield>
    <subfield code="t">74429</subfield>
    <subfield code="w">2026-04-30</subfield>
    <subfield code="y">&#x1CAC;&#x1C98;&#x1C92;&#x1C9C;&#x1C98;</subfield>
    <subfield code="z">70 &#x10DA;.</subfield>
  </datafield>
  <datafield tag="952" ind1=" " ind2=" ">
    <subfield code="0">0</subfield>
    <subfield code="1">0</subfield>
    <subfield code="2">udc</subfield>
    <subfield code="4">0</subfield>
    <subfield code="6">00532_S30</subfield>
    <subfield code="7">0</subfield>
    <subfield code="9">106137</subfield>
    <subfield code="a">CPL</subfield>
    <subfield code="b">CPL</subfield>
    <subfield code="c">GEN</subfield>
    <subfield code="d">2026-04-30</subfield>
    <subfield code="g">70.00</subfield>
    <subfield code="o">005.32 S-30</subfield>
    <subfield code="p">74430</subfield>
    <subfield code="r">2026-04-30</subfield>
    <subfield code="t">74430</subfield>
    <subfield code="w">2026-04-30</subfield>
    <subfield code="y">&#x1CAC;&#x1C98;&#x1C92;&#x1C9C;&#x1C98;</subfield>
    <subfield code="z">70 &#x10DA;.</subfield>
  </datafield>
  <datafield tag="952" ind1=" " ind2=" ">
    <subfield code="0">0</subfield>
    <subfield code="1">0</subfield>
    <subfield code="2">udc</subfield>
    <subfield code="4">0</subfield>
    <subfield code="6">00532_S30</subfield>
    <subfield code="7">0</subfield>
    <subfield code="9">106138</subfield>
    <subfield code="a">CPL</subfield>
    <subfield code="b">CPL</subfield>
    <subfield code="c">GEN</subfield>
    <subfield code="d">2026-04-30</subfield>
    <subfield code="g">70.00</subfield>
    <subfield code="o">005.32 S-30</subfield>
    <subfield code="p">74431</subfield>
    <subfield code="r">2026-04-30</subfield>
    <subfield code="t">74431</subfield>
    <subfield code="w">2026-04-30</subfield>
    <subfield code="y">&#x1CAC;&#x1C98;&#x1C92;&#x1C9C;&#x1C98;</subfield>
    <subfield code="z">70 &#x10DA;.</subfield>
  </datafield>
</record>
